La reconquista
Saved in:
| Hovedforfatter: | |
|---|---|
| Format: | Bog |
| Sprog: | spansk |
| Udgivet: |
Barcelona, España
Crítica
1984
|
| Serier: | Serie General. Temas Hispánicos
|
| Fag: | |
| Tags: |
Tilføj Tag
Ingen Tags, Vær først til at tagge denne postø!
|
MARC
| LEADER | 00000nam a2200000 a 4500 | ||
|---|---|---|---|
| 001 | UCO0968 | ||
| 003 | CL-VaPUC | ||
| 005 | 20211217150531.0 | ||
| 008 | 000428e19840000SP |||||||||||||||||spa|d | ||
| 999 | |c 287603 |d 287601 | ||
| 020 | |a 9788474232332 | ||
| 040 | |c Pontificia Universidad Católica de Valparaíso | ||
| 082 | 0 | 4 | |a 946.02 LOM 1984 |2 21 |
| 100 | |a Lomax, Derek W. |e autor |9 442647 | ||
| 245 | 1 | 3 | |a La reconquista |
| 260 | |a Barcelona, España |b Crítica |c 1984 | ||
| 300 | |a 270 páginas | ||
| 490 | 0 | |a Serie General. Temas Hispánicos | |
| 583 | |a last modification |c 20000428 00:00:00 |k Rodrigo Vera | ||
| 600 | 0 | 7 | |a ALFONSO I |2 CL-VaPUC |9 442648 |
| 600 | 0 | 7 | |a ALFONSO VII |2 CL-VaPUC |9 442649 |
| 600 | 0 | |a Alfonso X, El Sabio |9 405035 | |
| 600 | 0 | 7 | |a ALFONSO XI |2 CL-VaPUC |9 442650 |
| 650 | 0 | |a Historia de España |y SIGLOS 8-13 |9 315435 | |
| 650 | 0 | |a Edad media |z ESPAÑA |9 258041 | |
| 852 | |a BIBCUR | ||
| 942 | |c BK |2 ddc | ||
| 945 | |d 20000428 00:00:00 |a rherrera | ||
| 952 | |0 0 |1 0 |2 ddc |4 0 |6 946_020000000000000_LOM_1984 |7 0 |8 A |9 334526 |a BIBHIS |b BIBHIS |d 2019-11-20 |i 1268686 |o 946.02 LOM 1984 |p 1268686 |r 2025-01-20 |t 2 |w 2019-11-20 |y BK |k HIS | ||
| 952 | |0 0 |1 0 |2 ddc |4 0 |6 946_020000000000000_LOM_1984 |7 0 |8 A |9 334527 |a BIBHIS |b BIBHIS |d 2019-11-20 |i 1268694 |o 946.02 LOM 1984 |p 1268694 |r 2025-01-20 |t 3 |w 2019-11-20 |y BK |k HIS | ||
| 952 | |0 0 |1 0 |2 ddc |4 0 |6 946_020000000000000_LOM_1984 |7 0 |8 A |9 334528 |a BIBHIS |b BIBHIS |d 2019-11-20 |i 1268708 |o 946.02 LOM 1984 |p 1268708 |r 2025-01-20 |t 4 |w 2019-11-20 |y BK |k HIS | ||
| 952 | |0 0 |1 0 |2 ddc |4 0 |6 946_020000000000000_LOM_1984 |7 0 |8 A |9 334529 |a BIBART |b BIBART |d 2019-11-20 |i 1206419 |o 946.02 LOM 1984 |p 1206419 |r 2025-03-13 |t 1 |w 2019-11-20 |y BK |k ART | ||